Statistics for Best Rappers 2019

Click here to take the quiz!

General Stats

  • This quiz has been taken 54 times
  • The average score is 3 of 12

Answer Stats

SongsRapper% Correct
Bang!, Lord AboveEminem
78%
Homicide, Keanu ReevesLogic
66%
ADHD, ISISJoyner Lucas
62%
Leave Me Alone, The SearchNF
34%
I Caught Crazy, N9NATech N9ne
22%
Floor 13, Glass HouseMachine Gun Kelly
16%
Deep, Lord AboveFat Joe
12%
Countdown, I Wanna Thank MeSnoop Dogg
12%
Coming Home, SociopathPusha T
10%
Just in Case, Who Want What?DMX
8%
Carnivore, Feds in My RearviewIce-T
6%
Opie Taylor, Unnatural Born KillerYelawolf
6%

Score Distribution

Percentile by Number Answered

Percent of People with Each Score

Your Score History

You have not taken this quiz